Nazwij Europejską Stolicę Po pierwszej i ostatniej Literze - Statystyki

Ogólne statystyki
  • Ten quiz został rozwiązany 28 razy
  • Średni wynik to 10 z 12
Statystyki odpowiedzi
Litery Stolicy Stolica % Poprawnych
O__o Oslo
96%
W______a Warszawa
92%
H______i Helsinki
88%
M____t Madryt
88%
V______a Valletta
88%
B________a Bratysława
80%
R_______k Reykjavik
80%
K_______a Kopenhaga
76%
M___k Mińsk
76%
W_____n Watykan
76%
M____a Moskwa
68%
S___a Sofia
68%
Nie znaleziono quizów pasujących do podanych kryteriów
Rozkład punktacji
Procent ludzi z każdym wynikiem
Percentyl według liczby udzielonych odpowiedzi
Twoja historia wyników
Nie rozwiązałeś tego quizu